000 00882nas a2200289 4500
001 BR2012009796
003 BR-BrBNA
005 20231205121721.0
007 ta
008 230509b bl.|||p| |||| 00| 00por d
040 _aBR-BrBNA
_bpor
_cBiblioteca Nacional de Agricultura
041 _a(Pt)
072 _aQ03
100 1 _aScuracchio, P.A.
100 1 _aFarache Filho, A.
245 1 _aQualidade da água utilizada para consumo em escolas e creches no município de São Carlos - SP
650 _aÁGUA
650 _aCONSUMO
650 _aESCOLA
650 _aCONTAMINAÇÃO
650 _aANÁLISE MICROBIOLÓGICA
650 _aCONTROLE DE QUALIDADE
650 _aSÃO PAULO
773 0 _tAlimentos e Nutrição (Brazil)
_xISSN 0103-4235
_g(Oct-Dec 2011), v. 22(4) p. 641-647
_wBR2012009796
909 _a202311
_bLúcia
_c55
_dLúcia Elande
942 _2AGRIS
_n0
_cANA
999 _c224884
_d224884